| 000 | 00309nam a2200121Ia 4500 | ||
|---|---|---|---|
| 008 | 220120s9999||||xx |||||||||||||| ||und|| | ||
| 082 | _a823 WIN | ||
| 100 |
_aWinslow, Don _911854 |
||
| 245 | 0 | _aLondon under cover | |
| 260 |
_aSuhrkamp _bNew Delhi _c2015 |
||
| 300 |
_a207p.;28cm _b100 |
||
| 650 |
_aANTENNAS _9151 |
||
| 999 |
_c137392 _d137392 |
||